Энергосбережение - основа устойчивого развития; Энергия молодых - экономике России; [Ч. 1]

Bibliografiska uppgifter
Parent link:Энергия молодых - экономике России: труды VIII Международной научно-практической конференции студентов и молодых ученых, г. Томск, 19-22 марта 2007 г./ Томский политехнический университет (ТПУ) ; Вольное экономическое общество России (ВЭО России) ; Международный союз экономистов (МСЭ).— , 2007
[Ч. 1].— 2007.— С. 623-625
Huvudupphovsman: Арещенко М. А.
Övriga upphovsmän: Чащина Ю. А. (научный руководитель), Молодёжникова Л. И. Лидия Иосифовна
Språk:ryska
Publicerad: 2007
Ämnen:
Materialtyp: Bokavsnitt
KOHA link:https://koha.lib.tpu.ru/cgi-bin/koha/opac-detail.pl?biblionumber=133644

MARC

LEADER 00000naa2a2200000 4500
001 133644
005 20231031135411.0
035 |a (RuTPU)RU\TPU\book\144856 
090 |a 133644 
100 |a 20080319d2007 k y0rusy50 ca 
101 0 |a rus 
102 |a RU 
200 1 |a Энергосбережение - основа устойчивого развития  |f М. А. Арещенко, Ю. А. Чащина  |g науч. рук. Л. И. Молодёжникова 
461 0 |0 (RuTPU)RU\TPU\book\169966  |t Энергия молодых - экономике России  |o труды VIII Международной научно-практической конференции студентов и молодых ученых, г. Томск, 19-22 марта 2007 г.  |f Томский политехнический университет (ТПУ) ; Вольное экономическое общество России (ВЭО России) ; Международный союз экономистов (МСЭ)  |d 2007 
463 0 |0 (RuTPU)RU\TPU\book\136477  |t [Ч. 1]  |v С. 623-625  |d 2007 
610 1 |a потребности 
610 1 |a развитие общества 
610 1 |a энергия 
610 1 |a энергосбережение 
610 1 |a ресурсосберегающие технологии 
610 1 |a энергетические ресурсы 
610 1 |a расход энергоресурсов 
610 1 |a ВВП 
610 1 |a труды учёных ТПУ 
700 1 |a Арещенко  |b М. А. 
701 1 |a Чащина  |b Ю. А. 
702 1 |a Молодёжникова  |b Л. И.  |c специалист в области теплотехники  |c старший преподаватель Томского политехнического университета  |g Лидия Иосифовна  |2 stltpush  |4 727 
801 1 |a RU  |b 63413507  |c 20080319  |g PSBO 
801 2 |a RU  |b 63413507  |c 20161010  |g RCR 
942 |c BK